[Event "Rubinstein Memorial-C 55th"]
[Site "Polanica Zdroj"]
[Date "2019.08.18"]
[Round "2"]
[White "Goszyk, Bartosz"]
[Black "Wianecki, Mateusz"]
[Result "0-1"]
[WhiteElo "1486"]
[BlackElo "1634"]
[PlyCount "70"]
[EventDate "2019.08.17"]
[EventType "swiss"]
[EventRounds "9"]
[EventCountry "POL"]
[SourceTitle "EXT 2020"]
[Source "ChessBase"]
[SourceDate "2019.10.17"]
[SourceVersion "1"]
[SourceVersionDate "2019.10.17"]
[SourceQuality "1"]

1. e4 e6 2. d4 d5 3. Nc3 Nf6 4. e5 Ne4 5. Nxe4 dxe4 6. Be3 c5 7. Bb5+ Bd7 8. Bxd7+ Nxd7 9. c3 cxd4 10. cxd4 Bb4+ 11. Bd2 Bxd2+ 12. Qxd2 0-0 13. Ne2 f5 14. Nc3 Nb6 15. b3 Qd7 16. 0-0 Rad8 17. Rfd1 Nd5 18. Rac1 Rc8 19. Nxd5 Qxd5 20. Qb4 Rxc1 21. Rxc1 Rd8 22. Qe7 Qd7 23. Qxd7 Rxd7 24. f3 e3 25. Re1 f4 26. g3 g5 27. gxf4 gxf4 28. Rd1 Kf7 29. Kg2 Kg6 30. Kh3 Kf5 31. Kg2 Rc7 32. a4 Rc2+ 33. Kg1 Rd2 34. Re1 Rxd4 35. h4 Kxe5 0-1